Countries That Contain L - Statistics

General Stats
  • This quiz has been taken 313 times
  • The average score is 47 of 66
Answer Stats
Answer % Correct
Ireland
92%
Latvia
91%
Lithuania
90%
Albania
89%
Algeria
89%
Iceland
89%
Luxembourg
89%
Australia
86%
Belgium
86%
Finland
86%
Laos
86%
Portugal
86%
Liberia
85%
Libya
85%
Brazil
84%
Liechtenstein
84%
Chile
83%
Colombia
83%
Netherlands
83%
Lebanon
81%
Slovenia
81%
Lesotho
80%
Malta
80%
Poland
80%
Slovakia
80%
Thailand
80%
Belarus
79%
Belize
78%
Malaysia
77%
Marshall Islands
77%
Moldova
76%
Bolivia
75%
Italy
75%
Mali
75%
Bulgaria
74%
El Salvador
74%
Israel
74%
Mongolia
74%
New Zealand
74%
Solomon Islands
72%
Angola
71%
Maldives
71%
Philippines
71%
Switzerland
71%
Venezuela
70%
Malawi
69%
Guatemala
68%
Nepal
67%
Senegal
67%
Bangladesh
64%
Saint Lucia
63%
Seychelles
62%
Sierra Leone
61%
Palau
59%
Tuvalu
58%
Equatorial Guinea
56%
Sri Lanka
56%
Czech Republic
55%
Somalia
54%
Dominican Republic
49%
Central African Republic
44%
Swaziland
33%
Republic of the Congo
30%
Democratic Republic of the Congo
28%
Palestine
13%
Timor-Leste
11%
No matching quizzes found
Score Distribution
Percent of People with Each Score
Percentile by Number Answered
Your Score History
You have not taken this quiz